000 00267nam a22001097a 4500
008 240711b |||||||| |||| 00| 0 eng d
100 _aVasvani, Fatehchand
_916846
245 _aJohar Nasru
260 _aAjmer:
_bSunder Sahitya;
_c1966.
300 _a146p.
942 _cBK
999 _c39963
_d39963